000 00314nam a2200121Ia 4500
008 220120s9999||||xx |||||||||||||| ||und||
082 _a823 SHE
100 _aShenoy, Preeti
_910579
245 0 _aWhy we love the way we do
260 _aWestland Publishers
_bDelhi
_c2015
300 _b225
650 _aMICROPROCESSOR
999 _c137306
_d137306